| 000 | 00494nam a2200181 a 4500 | ||
|---|---|---|---|
| 001 | 2155 | ||
| 005 | 20140414131923.0 | ||
| 008 | 010131s19uu xx 00 eng d | ||
| 020 | _a0-7105-0595-7 | ||
| 050 |
_aER _bT22 |
||
| 100 | _aBarber, Terry | ||
| 245 |
_aTeezle wedding day rescue (The)/ _cby Terry Barber. |
||
| 260 |
_aBridlington, England : _bPeter Haddock. |
||
| 300 | _ap. : ill., col. ; cm. | ||
| 440 | _aTales of the Teezles | ||
| 650 |
_aAnimals _xStories. |
||
| 999 |
_c111881 _d111881 |
||